Quizzes
Events
Quiz Creation
Community
Videos
Private Events
Remove Ads
Sign In
Join for FREE
Feedback
Dark Mode
Quiz Categories
Sports
Geography
Music
Movies
Television
Just For Fun
Miscellaneous
History
Literature
Language
Science
Gaming
Entertainment
Religion
Holiday
For Kids
Quiz Lab
Recent
Popular Today
Quiz Kudos Today
Editor Picks
Curator Picks
Quizzes by...
Day
Popularity
Type
Ratings
Length
Year
Community
Subscriptions
Recent Discussions
Orange Saloon
Badges
Playlists
Quests
Create
Leaderboards
Showdown
Live 5
Trivia Bingo
Activity
Puzzle Library
Sporcle Events
Private Events
Virtual Trivia
Globe League
Become a Host
Pub Owners
SporcleCon
Opinionation
Our Games
Videos
Blog
Mobile Apps
Partnerships
Remove Ads and Go Orange
Feedback
Gaming
Video Games
Board Games
Card Games
Pokémon
Mario
Nintendo
Minecraft
Console
Toys
Legend of Zelda
Gaming
Video Games
Board Games
Card Games
Pokémon
Mario
Nintendo
Minecraft
Console
Toys
Legend of Zelda
Random Quiz
Search Sporcle
×
Quiz Lab
Quiz Lab
Gaming
Nintendo
Type in answers that appear in a list
Type in answers that appear in a list
Classic
Best Score? Go Orange.
Zelda: Ocarina Of Time Items Stats
Can you name the Zelda: Ocarina Of Time Items?
By
jenny37
12m
61 Questions
715 Plays
715 Plays
715 Plays
Comments
Comments
Give Quiz Kudos
Give Quiz Kudos
-
- Ratings
hide this ad
Replay
Link that replays current quiz
Next Quiz
Link to next quiz in quiz playlist
You Got
0%
They Got
Avg Score
66%
Avg Friend Score
Upgrade to see
Score Distribution
Jump to the score distribution portion of the page
Score
0/61
Timer
12:00
0
Plays Today
Location
Items
% Correct
Found In The Temple Of Time
Master Sword
90.2%
In A Treasure Chest From Kokiri Forest
Kokiri Sword
86.9%
Under Dampe's Grave
Hookshot
86.2%
Main Treasure In Deku Tree
Fairy Slingshot
85.9%
Main Treasure In Forest Temple
Fairy Bow
84.1%
Main Treasure In Ice Cavern
Iron Boots
83.4%
Bought From Kokiri Shop
Deku Shield
82.8%
Obtaining Three Spiritual Stones
Ocarina Of Time
82%
Main Treasure In Water Temple
Longshot
81.8%
Get From The Rolling Goron
Goron Tunic
81.5%
Free King Zora
Zora Tunic
81.1%
Main Treasure In Jabu-
Jabu's Belly
Boomerang
81%
Shoot The Rising Sun
Fire Arrow
81%
Complete Gerudo Training Ground
Ice Arrow
80%
Main Treasure In Shadow Temple
Hover Boots
79.2%
Main Treasure In Fire Temple
Megaton Hammer
78.5%
Inside The Spirit Temple
Mirror Shield
78.3%
Zelda In The Temple Of Time
Light Arrow
77.8%
Begin With At The Begining
Kokiri Tunic
77.5%
Fairy Fountains
Fairy's Spirit
77.3%
Obtained With Bomb Bag
Bombs
77.2%
Well In Kakariko Village
Lens Of Truth
75.2%
Under A Gravestone
Hylian Shield
73.4%
Completing Cucco Catching Game
Bottle
72.4%
Saria
Fairy Ocarina
71.6%
Killing Enemys
Deku Stick
70.9%
Play Epona's Song Infront Of A Cow
Lon Lon Milk
70.8%
Obtained With Quiver
Arrows
69.1%
Obtained With Deku Seed Bag
Deku Seeds
68.3%
After A Long Trading Sequence
Biggoron's Sword
67.7%
Begin With At The Begining
Kokiri Boots
67.6%
Location
Items
% Correct
Chest In Dodongo's Cavern
Bomb Bag
67.3%
Shops Throughout Hyrule
Red Potion
66.7%
Complete Diving Game
Silver Scale
65.5%
In Some Bodies Of Water
Fish
65.3%
Killing Enemys
Deku Nuts
64.8%
Golden Treasure Chest
Boss Key
63.6%
Main Treasure In Spirit Temple
Silver Gauntlets
63.4%
Granny Potion Shop
Blue Potion
63.2%
Shops Throughout Hyrule
Green Potion
62%
Salesman In Zora's River
Magic Bean
61.5%
Always In A Big Treasure Chest
Compass
61.3%
Always In A Big Treasure Chest
Map
60.4%
Shadow Room Of Ganon's Castle
Golden Gauntlets
60%
Buy From The Huge Goron
Giant's Knife
58.9%
Play The Game
Bombchu
58.6%
Catch A 20-
Pound Fish
Gold Scale
58.2%
Obtained With Fairy Bow
Quiver
55.2%
Ice Cavern
Blue Fire
54.8%
Small Treasure Chests
Small Key
54.8%
Hyrule Castle Courtyard
Din's Fire
54.7%
Graveyard
Poe
51.7%
Desert Colossus
Nayru's Love
50.6%
Mask Salesman
Mask Of Truth
49.9%
Zora's Domain
Farore's Wind
49.2%
Ramdomly In Underground Holes
Bottle Bugs
48.3%
Collecting 20 Gold Skulltulas
Stone Of Agony
40.1%
Play Saira's Song Infront Of Darunia
Goron's Bracelet
37.6%
Obtained With Slingshot
Deku Seed Bag
32.4%
Just About Anywhere
Magic Jar
15.2%
Freeing Four Carpenters
Gerudo's Membership Card
10.9%
Quiz Playlist
Details
Report
Send in Message
Add To Playlist
Classic:
Type in answers that appear in a list
Last Updated: Feb 16, 2017
Quiz Scoreboard
CHALLENGE
Sign Up to Join the Scoreboard
Show All
Scores
Hide
Comments
May contain spoilers
Recently Published
9x9 Crossword: Cartoon Network
by jackfrog10
Miscellaneous
3m
College Basketball Coaching Resumes
by pancakes188
Sports
9m
Billboard Blitz: Fleetwood Mac
by CooCooCachoo
Music
15s
More to Explore
Quiz From the Vault
Featured Blog Post
Where Did the Easter Bunny Come From?
hide this ad
You Might Also Like...
Tags
Legend of Zelda Quiz
Nintendo Quiz
item
Legend of Zelda Items
location
Ocarina of Time
Today's Top Quizzes in Gaming
Browse Gaming
hide this ad
Today's Top Quizzes in Nintendo
Browse Nintendo
Top Contributed Quizzes in Gaming
1
5-to-1: Consoles
2
7-to-1: Board Game Piece Blitz
3
5-to-1: Legend of Zelda
4
League of Legends Pro Players by Career/Team History
5
Destiny 2 exotic weapons by perk icons
6
Ultimate Genshin Impact Logic Puzzle (up to 4.3)
7
Franchise by Action Figure
8
Who's on the WWE 2K24 Cover?
9
Genshin Impact Logic Puzzle Quiz
10
Overwatch Logic Puzzle
Explore More
Trending Topics
Crossword
NBA
Anime
Kpop
Harry Potter
Disney
Marvel
Country
Soccer
The Office
Puzzle
NFL
Song
WWE
Pokémon
hide this ad
More By:
jenny37
Quiz
Plays
Rating
Category
Featured
Created
One Direction-More Than This
11,582
4.00
Music
Feb 7, 2012
One Direction-Tell Me A Lie
4,086
3.56
Music
Feb 25, 2012
One Direction-I Want
1,564
3.00
Music
May 10, 2012
Fresh Prince Of Bel-air Lyrics
1,295
3.56
Television
Oct 12, 2010
Mario Kart Wii
957
3.44
Gaming
Aug 4, 2010
Go to Creator's Profile
Score Distribution
Quiz Creator Spotlight
jenny37
Follow
Send a Message
Quizzes Created
-
Created Quiz Play Count
-
More By This Creator
Popular Quizzes Today
1
Find the US States - No Outlines Minefield
2
Find the Countries of Europe - No Outlines Minefield
3
The Countries of the World
4
Find the US States
5
Risky Map Clicking: Biggest States A-Z
6
US States
7
Popular People in 1961
8
Movies - When Are They Set?
More Gaming Quizzes
Final Fantasy VII Characters
Published
Trending Quizzes
Risky Map Clicking: Least Populous States A-Z
1-10 Letter G Words
1-10 Letter F Words
Risky Map Clicking: Next State Alphabetically
Adjectives in 80s TV Shows
Recently Updated
Leaping Animals
pecheneg
Reality TV Shows (A-Z)
bhenderson79
Rickey Henderson's Hall of Fame Teammates
pecheneg
Champions League XIs: Arsenal
pecheneg
Quick Pick: Celebrities in WWE's Hall of Fame
aduchscher
A-Z Keypad Blitz II
pecheneg
Multiple Oscar Actors
pecheneg
Mystery Phrase Blitz: Oscar 'Best Actors'
pecheneg
F. Scott Fitzgerald Novels
LTH
Pick 3 Villains
ddd62291
Trending Topics
Harry Potter
Disney
Marvel
Kpop
Crossword
NBA
Anime
The Office
NFL
Country
Soccer
WWE
Puzzle
Pokémon
Song
Your Account Isn't Verified!
In order to create a playlist on Sporcle, you need to verify the email address you used during registration. Go to your
Sporcle Settings
to finish the process.
Report this User
Report this user for behavior that violates our
Community Guidelines
.
Details:
Send Report
Go to the Sporcle.com Mobile Site →
Comments